000 00813nam a2200229Ia 4500
003 Ost
005 20260507075348.0
008 260507s9999||||xx |||||||||||||| ||und||
020 _a693799779
040 _cfsecg
041 _aara
082 _a330
100 _aخضر، أحمد
_eمؤلف
245 0 _aحوكمة الشركات /
_c أحمد خضر
260 _aالإسكندرية:
_bدار الفكر الجامعي,
_c2012
300 _a324 صفحة؛
_c24 سم
520 _aالإستثمار في الشركات التجارية- ماهية حوكمة الشركات ونشأتها- أهمية حوكمة الشركات وأهم إتجاهاتها
653 _aالشركات
653 _aالشركات التجارية
653 _aالشركات الحكومية
942 _cكتاب
999 _c44122
_d44122